Music Quiz

Random Music Quiz
Score 0/33 Timer 03:00
0 Plays Today
ABBA song % Correct
Dancing Queen
84.3%
Waterloo
83.6%
Mamma Mia
80.3%
Fernando
69.2%
SOS
68.9%
Take a Chance on me
66.6%
Money Money Money
64.3%
The Winner takes it all
61.6%
Chiquitita
60%
Gimme! Gimme! Gimme!
59%
Super Trouper
58.4%
Whats the name of the game
56.4%
Voulez Vous
56.4%
Thankyou for the music
56.1%
Knowing me Knowing you
55.7%
Does Your Mother Know
55.4%
I Have a dream
54.1%
ABBA song % Correct
Ring Ring
53.4%
Lay all your love on me
48.9%
Honey Honey
48.2%
I Do I Do I Do I Do I Do
48.2%
One Of Us
44.3%
Summer Night City
37.7%
Angeleyes
32.1%
Our last summer
29.8%
Under Attack
24.6%
Slipping through my fingers
23.6%
Happy New Year
23.3%
The Day Before you came
21.6%
Head over heels
20%
Hasta Manana
18.7%
Rock Me
18.4%
When All In said and done
6.6%

You're not logged in!

Compare scores with friends on all Sporcle quizzes.
OR
Log In

From the Vault

Identify the (Dead) Language

by Balaitous

They've been well-preserved, we promise.
Remove Ads.
Support Sporcle.
Get the best of Sporcle when you Go Orange. This ad-free experience offers more features, more stats, and more fun while also helping to support Sporcle. Thank you for becoming a member.

Show Comments

Extras

Created Mar 14, 2011ReportNominate
Tags:ABBA

Top Quizzes Today


Score Distribution

Your Account Isn't Verified!

In order to create a playlist on Sporcle, you need to verify the email address you used during registration. Go to your Sporcle Settings to finish the process.

Report this User

Report this user for behavior that violates our Community Guidelines.

Details: